|
|
|
|
| LEADER |
00782nam a2200313 4500 |
| 001 |
DLU110124332 |
| 005 |
##20110905 |
| 040 |
# |
# |
|a DLU
|b vie
|
| 041 |
# |
# |
|a vie
|
| 044 |
# |
# |
|a vn
|
| 082 |
# |
# |
|a 302
|b BU-H
|
| 100 |
# |
# |
|a Bùi Văn Huệ,
|c GS.TS.
|
| 245 |
# |
# |
|a Tâm lý học xã hội /
|c Bùi Văn Huệ, Vũ Dũng.
|
| 260 |
# |
# |
|a H. :
|b Đại học Quốc gia,
|c 2003.
|
| 300 |
# |
# |
|a 163 tr. ;
|c 21 cm.
|
| 504 |
# |
# |
|a Tài liệu tham khảo: tr.162.
|
| 650 |
# |
# |
|a Tâm lý học xã hội
|v Giáo trình.
|
| 700 |
# |
# |
|a Vũ Dũng,
|c TS.
|
| 923 |
# |
# |
|a 01/2011CP
|
| 991 |
# |
# |
|a GT
|
| 992 |
# |
# |
|a 12000
|
| 994 |
# |
# |
|a KCP
|
| 900 |
# |
# |
|a True
|
| 911 |
# |
# |
|a Đào Thị Thu Huyền
|
| 925 |
# |
# |
|a G
|
| 926 |
# |
# |
|a A
|
| 927 |
# |
# |
|a SH
|
| 980 |
# |
# |
|a Thư viện Trường Đại học Đà Lạt
|